Water and Climate Change Adaptation : Policies to Navigate Uncharted Waters
Gespeichert in:
| Format: | Buch |
|---|---|
| Sprache: | Englisch |
| Veröffentlicht: |
Paríž :
OECD Publishing,
2013
|
| Tags: |
Keine Tags, Fügen Sie das erste Tag hinzu!
|
MARC
| LEADER | 00000nam a22000003a 4500 | ||
|---|---|---|---|
| 001 | stu286620 | ||
| 005 | 20150408183144.1 | ||
| 008 | 140320s--------fr------------------eng-d | ||
| 020 | |a 978-92-64-20043-2 | ||
| 040 | |a STU |b slo | ||
| 041 | 0 | |a eng | |
| 044 | |a fr | ||
| 245 | |a Water and Climate Change Adaptation : |b Policies to Navigate Uncharted Waters | ||
| 260 | |a Paríž : |b OECD Publishing, |c 2013 | ||
| 300 | |a 224 s | ||
| 996 | |c V*51903/O-23172 |l VV17 |s P |a 0 |w stu286620_0001 | ||